000 005740000a22001810004500
003 MACL
005 20160426155841.0
008 160426b xxu||||| |||| 00| 0 eng d
040 _aMACL
_cMACL
041 _aHindi
082 _a891.433
100 _aमुंशी प्रेमचंद
_945063
245 _aस्‍वाधीनता आंदोलन की कहानियां
260 _bप्रतीक प्रकाशन
_c2002
_aगाजियाबाद
350 _a200
650 _aStories
_954110
942 _cHIN
_k891.433/PRE/S
_2ddc
999 _c12227
_d12227